000 00565nam a2200229Ia 4500
008 210210b2012 xxu||||| |||| 00| 0 eng d
020 _a9781107641037
041 _aeng
082 _a306.0954 DALC
100 _aDALMIA (Vasudha)
245 _aCambridge companion to modern Indian culture
260 _aNew York
_bCambridge University Press
_c2012
300 _axxii, 301
650 _ato
650 _amodern
650 _aIndian
650 _aculture
650 _acompanion
650 _aCambridge
700 _aSADANA (Rashmi)
906 _a067197
999 _c149456
_d149456